LEADER 01021nam0-22003011i-450- 001 990003006280403321 035 $a000300628 035 $aFED01000300628 035 $a(Aleph)000300628FED01 035 $a000300628 100 $a20000920d1987----km-y0itay50------ba 101 0 $aeng 102 $aIT 200 1 $aAgricultural Policy formation in the European Community$eThe Birth of Milk Quotas and Cap Reform$fMichel Petit, Michele De Benedicts, Denis Britton, Martijn De Groot, Wilhelm Henrichsmeyer, Francesco Lechi. 210 $aAmsterdam$aOxford$aNew York$aTokyo$cElsevier$d1987. 215 $aIX, 165 p.$d24 cm 225 1 $aDevelopments in Agricultural Economics$v4 676 $aH/1.14 676 $aH/1.224 676 $aO/1.2431 700 1$aPetit,$bMichel$0118521 801 0$aIT$bUNINA$gRICA$2UNIMARC 901 $aBK 912 $a990003006280403321 952 $aO/1.2431 AGR$b7639$fSES 959 $aSES 996 $aAgricultural Policy formation in the European Community$9468360 997 $aUNINA LEADER 01325cam0-22004691i-450- 001 990002633400403321 005 20071121114122.0 010 $a88-204-3199-8 035 $a000263340 035 $aFED01000263340 035 $a(Aleph)000263340FED01 035 $a000263340 100 $a20030910d1989----km-y0itay50------ba 101 0 $aita 102 $aIT 105 $ay-------001yy 200 1 $aEconomia e politica del turismo$fPierluigi Grasselli 210 $aMilano$cFranco Angeli$d1989 215 $a474 p.$d22 cm 225 1 $aCollana di studi e ricerche sul turismo$v10 610 0 $aTurismo$aAspetti economici 610 0 $aMonografie e Saggi, Geografia Turistica 676 $aH/3.9 676 $a046.002 700 1$aGrasselli,$bPierluigi$033165 801 0$aIT$bUNINA$gRICA$2UNIMARC 901 $aBK 912 $a990002633400403321 952 $aL8.11$b2761$fDECTS 952 $a9-7-318-TI$b1215 DEA$fECA 952 $aH/3.9 GRA/N.A.$b9058$fSES 952 $aH/3.9 GRA$b16362$fSES 952 $a046.002.GRA$b1013$fDECGE 952 $a046.002.GRA.01$b1101$fDECGE 952 $aCOLLEZ. 1115 (10)$bBibl. 8732$fFSPBC 959 $aDECTS 959 $aECA 959 $aSES 959 $aDECGE 959 $aFSPBC 996 $aEconomia e politica del turismo$961483 997 $aUNINA